Представление документа в формате MARC21

Поле Инд. ПП Название Значение
Тип записи a
Библиографический уровень m
001 Контрольный номер fb99a88168fe4efb86069875948d61a6
005 Дата корректировки 20230517161732.5
008 Кодируемые данные 230512s1988 ru |||||||||||000|||rus|d
040 a Служба первич. каталог. ЦГБ г. В. Луки
b Код языка каталог. rus
041 0_ a Код языка текста rus
084 2 Источник индекса rubbk
a Индекс другой классификации/Индекс ББК 65.8
090 x Авторский знак С 78
j Имя библиотеки ЦГБ г. В. Луки
097 b Оператор КИС-р
245 10 a Заглавие Статистический ежегодник стран - членов Совета Экономической Взаимопомощи, 1988
c Ответственность СЭВ, Секретариат
260 a Место издания Москва
b Издательство Финансы и статистика
c Дата издания 1988
300 a Объем 511 с.
650 14 a Основная рубрика Статистика
653 1_ a Ключевые слова статистика; экономическое сотрудничество
901 t Тип документа m